|
|
|
|
| LEADER |
00707nam a2200169Ia 4500 |
| 001 |
TDMU_24384 |
| 008 |
210410s9999 xx 000 0 und d |
| 082 |
|
|
|a 959.7
|
| 100 |
|
|
|a Trí Dũng
|
| 245 |
|
0 |
|a “Hạt giống cách mạng†nẩy mầm, sinh sôi
|
| 245 |
|
0 |
|c Trí Dũng
|
| 245 |
|
0 |
|n Bài 12
|
| 245 |
|
0 |
|p Phát triển nhanh và bền vững
|
| 300 |
|
|
|a 4Tr
|
| 650 |
|
|
|a Hạt giống cách mạng; Bình Dương ; Công nghiệp hóa - hiện đại hóa; Phát triển kinh tế ; Lịch sử
|
| 856 |
|
|
|u http://lrc.tdmu.edu.vn/opac/search/detail.asp?aID=2&ID=24384
|
| 980 |
|
|
|a Trung tâm Học liệu Trường Đại học Thủ Dầu Một
|